El proceso grupal del psicoanálisis a la psicología social./ (Registro nro. 9650)

Detalles MARC
000 -LEADER
fixed length control field 01657nam a2200205Ia 4500
005 - FECHA Y HORA DE LA ÚLTIMA TRANSACCIÓN
control field 20250411181913.0
008 - FIXED-LENGTH DATA ELEMENTS--GENERAL INFORMATION
fixed length control field 231003s9999 xx 000 0 und d
020 ## - INTERNATIONAL STANDARD BOOK NUMBER
International Standard Book Number 9789506020002
040 ## - CATALOGING SOURCE
Original cataloging agency UPAN
Transcribing agency Biblioteca San Vicente
Description conventions RCAA27
041 ## - LANGUAGE CODE
Language code of text/sound track or separate title spa
082 ## - DEWEY DECIMAL CLASSIFICATION NUMBER
Classification number 616.891 5
Item number P534p
año de publicación 2012
100 ## - MAIN ENTRY--PERSONAL NAME
Personal name Pichon-Rivière, Enrique
Relator code aut.
245 #0 - TITLE STATEMENT
Title El proceso grupal del psicoanálisis a la psicología social./
Remainder of title Enrique Pichon- Rivière
250 ## - EDITION STATEMENT
Edition statement 2ª ed.
260 ## - PUBLICATION, DISTRIBUTION, ETC. (IMPRINT)
Place of publication, distribution, etc Buenos Aires:
Name of publisher, distributor, etc Nueva Vision,
Date of publication, distribution, etc 2012
300 ## - PHYSICAL DESCRIPTION
Extent 256 p.;
Dimensions 19 cm.
505 ## - FORMATTED CONTENTS NOTE
Formatted contents note Prólogo<br/>- Una nueva problemática para la psiquiatría.<br/>- La noción de tarea en psiquiatría.<br/>- Praxis y psiquiatría.<br/>- Freud: un punto de partida de la psicología social.<br/>- Empleo del Tofranil en psicoterapia individual y grupal.<br/>- Tratamiento de grupos familiares: psicoterapia colectiva.<br/>- Grupos familiares. Un enfoque operativo.<br/>- Aplicaciones de la psicoterapia de grupo.<br/>- Discurso pronunciado como presidente del Segundo Congreso Argentino de Psiquiatría.<br/>- La psiquiatría en el contexto de los estudios médicos.<br/>- Presentación a la catedra de psiquiatría de la Facultad de Medicina de la Universidad Nacional de La Plata.<br/>- Prólogo al libro de F. K. Taylor, Un análisis de la psicoterapia grupal.<br/>- Técnica de los grupos operativos.<br/>- Grupos operativos y enfermedad única.<br/>- Grupo operativo y modelo dramático.<br/>- Estructura de una escuela destinada a psicólogos sociales.<br/>- Discépolo: un cronista de su tiempo.<br/>- Implacable interjuego del hombre y del mundo.<br/>- Una teoría de la enfermedad.
650 ## - SUBJECT ADDED ENTRY--TOPICAL TERM
Source of heading or term LEMB
Topical term or geographic name as entry element Grupal
General subdivision Psicología
942 ## - ADDED ENTRY ELEMENTS (KOHA)
Koha item type Libros
Source of classification or shelving scheme Dewey Decimal Classification
Existencias
Withdrawn status Lost status Source of classification or shelving scheme Damaged status Not for loan Collection code Home library Current library Date acquired Total Checkouts Full call number Barcode Date last seen Copy number Price effective from Koha item type
    Dewey Decimal Classification     Colección General Biblioteca UPAN San Vicente Biblioteca UPAN San Vicente 03/10/2023   616.891 5 P534p 12003337 03/10/2023 01 03/10/2023 Libros
    Dewey Decimal Classification     Colección General Biblioteca UPAN San Vicente Biblioteca UPAN San Vicente 03/10/2023   616.891 5 P534p 12003336 06/10/2023 02 03/10/2023 Libros
    Dewey Decimal Classification     Colección General Biblioteca UPAN San Vicente Biblioteca UPAN San Vicente 03/10/2023   616.891 5 P534p 12003338 06/10/2023 03 03/10/2023 Libros